Vista normal
Vista MARC
Entrada Personal Name
Número de registros utilizados en: 1
001 - CONTROL NUMBER
- control field: 5988
003 - CONTROL NUMBER IDENTIFIER
- control field: OSt
005 - DATE AND TIME OF LATEST TRANSACTION
- control field: 20200623133432.0
008 - FIXED-LENGTH DATA ELEMENTS
- fixed length control field: 200623|| aca||aabn | a|a d
040 ## - CATALOGING SOURCE
- Original cataloging agency: OSt
- Transcribing agency: OSt
100 ## - HEADING--PERSONAL NAME
- Personal name: Tenjo Galarza, Fernando,
670 ## - SOURCE DATA FOUND
- Source citation: Work cat.: (OSt)3699: Tenjo Galarza, Fernando, autor, La teoría neo-ricardiana del comercio y su evaluación crítica /, 1986.